000 00941nam a22002537a 4500
001 0000130007
003 DO-SdBNP
005 20180307125206.0
007 0000130007
008 160504b 1984 sp xxu||||| |||| 00| 0 spa d
020 _a8429422307
040 _aBPMSU
_bspa
_cBPMSU
092 _axxxxx
_bxxxxx
100 1 _aPiédrola, Eduardo
245 1 0 _aReligión 7 :
_beducación general básica /
_cEduardo Piédrola, Jesús Olóriz ; dirección editorial, Julián Abad, Alberto Martín Baró ; ilustraciones de láminas, José Pérez Montero ; ilustraciones de actividades y lecturas, Santiago Martín Salvador.
260 _aMadrid :
_bSantillana,
_c1984.
300 _a128 p. :
_bil. ;
_c25 cm.
700 1 _aOlóriz, Jesús
700 1 2 _aPérez Montero, José,
_eil.
700 1 2 _aMartín Salvador, Santiago,
_eil.
942 _2ddc
_cBK
945 _ainventariado, 2018 / dg
956 _2LOPEREZ
_310
_6BPMSU
_820160504
_a00041
999 _c9991
_d9991